Dialogue and the art of thinking together : (Record no. 2497)

MARC details
000 -LEADER
fixed length control field 00918nac a22002291u 4500
010 ## - LIBRARY OF CONGRESS CONTROL NUMBER
LC control number 99028182
020 ## - INTERNATIONAL STANDARD BOOK NUMBER
International Standard Book Number 0385479999
082 00 - DEWEY DECIMAL CLASSIFICATION NUMBER
Classification number 658.4
Item number Is14
090 ## - LOCALLY ASSIGNED LC-TYPE CALL NUMBER (OCLC); LOCAL CALL NUMBER (OCLC)
-- 2497
-- 2497
100 ## - MAIN ENTRY--PERSONAL NAME
Personal name Isaacs, William.
245 10 - TITLE STATEMENT
Title Dialogue and the art of thinking together :
Remainder of title a pioneering approach to communicating in business and in life /
Statement of responsibility, etc William Isaacs.
250 ## - EDITION STATEMENT
Edition statement 1st ed.
260 ## - PUBLICATION, DISTRIBUTION, ETC. (IMPRINT)
Place of publication, distribution, etc New York :
Name of publisher, distributor, etc Currency,
Date of publication, distribution, etc c1999.
300 ## - PHYSICAL DESCRIPTION
Extent xx, 428 p. :
Other physical details ill. ;
Dimensions 22 cm.
500 ## - GENERAL NOTE
General note Shuaa.
504 ## - BIBLIOGRAPHY, ETC. NOTE
Bibliography, etc Includes bibliographical references (p. [404]-417) and index.
650 #0 - SUBJECT ADDED ENTRY--TOPICAL TERM
Topical term or geographic name as entry element Communication in management.
650 #0 - SUBJECT ADDED ENTRY--TOPICAL TERM
Topical term or geographic name as entry element Communication.
856 41 - ELECTRONIC LOCATION AND ACCESS
Materials specified Sample text
Uniform Resource Identifier <a href="http://www.loc.gov/catdir/enhancements/fy0601/99028182-s.html">http://www.loc.gov/catdir/enhancements/fy0601/99028182-s.html</a>
942 ## - ADDED ENTRY ELEMENTS (KOHA)
Item type Book - Borrowing
Call number prefix 658.4Is14
Holdings
Withdrawn status Item status Damaged status Not for loan Home library Current library Shelving location Date acquired Source of acquisition Total Checkouts Total Renewals Full call number Barcode Date last seen Date last borrowed Koha item type
        Central Library Central Library First floor 21/02/2007 Purchase 4 1 658.4 ISA 000001650 15/07/2025 28/01/2018 Book - Borrowing